Spirit Phone Songs - Statistics

General Stats
  • This quiz has been taken 19 times
  • The average score is 12 of 27
Answer Stats
Answer % Correct
1. Lifetime Achievement Award
86%
8. Ancient Aliens
71%
10. As Your Father I Expressly Forbid It
71%
7. Eighth Wonder
71%
11. I Earn My Life
71%
4. No Eyed Girl
71%
14. Spiral of Ants
71%
6. Sweet Bod
71%
2. Touch Tone Telephone
71%
5. When He Died
71%
3. Cabinet Man
57%
13. Man-Made Object
57%
12. Reaganomics
57%
9. Soft Fuzzy Man
57%
15. Angelfire
29%
18. Cat Hacks
29%
19. Crisis Actors
29%
21. Gravitron
29%
22. Kubrick and the Beast
29%
16. Angry People
14%
17. Cabinet Man (Demo)
14%
20. Geocities
14%
24. Pizza Heroes
14%
25. Redesign Your Logo
14%
27. You're at the Party
14%
23. Moon's Request
0%
26. Sweet Bod (Demo)
0%
No matching quizzes found
Score Distribution
Percent of People with Each Score
Percentile by Number Answered
Your Score History
You have not taken this quiz